1508 1031 1244 1246 1958 1653 1282 1249 1243 1853 1348 1373 1125 1686 1099 1487 1553 1082 1888 1692 1688 1424 1904 1325 1929 1010 1293 1515 1766 1200 1928 1473 1206 1277 1884 1941 1313 1542 1038 1364 1044 1243 1760 1756 1959 1390 1645 1365 1417 1947 1612 1874 1252 1142 1282 1256 1882 1664 1257 1165 1376 1100 1418 1873 1108 1137 1705 1646 1425 1247 1294 1033 1003 1817 1116 1476 1538 1513 1042 1791 1203 1872 1938 1867 1305 1070 1618 1776 1800 1883 1575 1409 1935 1068 1307 1128 1787 1420 1517 BCNSPRNW ULIB Ver.6.0+V

เปลี่ยนเป็นภาษาไทย

Change to English
 แสดงรายละเอียดบรรณานุกรม
  กลับหน้าหลัก

Brief Record : Get Marc (ISO 2709) : E-mail record : QR code < ปิดหน้าต่าง
LEADER : 00000nam 2200000uu 4500
001    13399120507
003     ULIB
008    020711s2551 th a 000 0 tha d
020    9789742131227
050    WB537 ส849ศ
100    สุรเทพ อภัยจิตร
245    ศิลปการนวด/^cสุรเทพ อภัยจิตร
250    พิมพ์ครั้งที่ 1
260    กรุงเทพฯ :^bศูนย์สื่อเสริมกรุงเทพฯ,^c2551
300    372 หน้า
650    ศิลปการนวด
945    ^p300^l0^i15378
999    ^aทศพร เกษรทอง
รายการนี้ยังไม่มีแท็ก
คุณยังไม่ได้ล็อกอิน คุณสามารถมีกิจกรรมร่วมกับเว็บไซต์ได้ แต่ต้องล็อกอินก่อน ::
  ล็อกอิน

รายการสื่อสารสนเทศ

ลำดับที่ ประเภท เลขเรียก/บาร์โค้ด สถานที่ สถานะ
1. วิทยาศาสตร์การแพทย์ และสุขภาพ
วิทยาศาสตร์การแพทย์ และสุขภาพ
WB537 ส849ศ  
  Barcode: 15378
ห้องสมุดวิทยาเขตสวรรค์ประชารักษ์
►ส่วนจัดเก็บหนังสือเก่า สปร
บนชั้น
  ขอยืม

BibComment


ยังไม่เคยถูกคอมเมนท์

คอมเมนท์ทรัพยากรรายการนี้
  คอมเมนท์: ศิลปการนวด สุรเทพ..


 Copyright 2026. Bcnsprnw @Library